000
00327nam a2200133Ia 4500
008
220204s9999 xx 000 0 und d
082
_a
552.12
_b
JEF
100
_a
JEFFERY, P G
245
0
_a
Chemical methods of rock analysis.
250
_a
Ed.2
260
_a
New York
_b
Pergamon
_c
1975
650
_a
Rock analysis
942
_c
BK
999
_c
33623
_d
33623